|
|
|
|
| LEADER |
00000nam0a2200000 4500 |
| 001 |
306238 |
| 005 |
20231102001856.0 |
| 035 |
|
|
|a (RuTPU)RU\TPU\book\331515
|
| 090 |
|
|
|a 306238
|
| 100 |
|
|
|a 20151005d1966 m y0rusy50 ca
|
| 101 |
0 |
|
|a rus
|
| 102 |
|
|
|a UA
|
| 105 |
|
|
|a a j 000zy
|
| 200 |
1 |
|
|a Электронные и полупроводниковые приборы
|e учебное пособие
|f Г. П. Захаревич, А. Ф. Горная, В. И. Хиленко
|
| 210 |
|
|
|a Киев
|c Изд-во Киевского ун-та
|d 1966
|
| 215 |
|
|
|a 168 с.
|c ил.
|
| 606 |
1 |
|
|a Электронные приборы
|2 stltpush
|3 (RuTPU)RU\TPU\subj\20460
|9 45561
|
| 606 |
1 |
|
|a Полупроводниковые приборы
|2 stltpush
|3 (RuTPU)RU\TPU\subj\50669
|9 69320
|
| 610 |
1 |
|
|a учебные пособия
|
| 610 |
1 |
|
|a электронная теория
|
| 610 |
1 |
|
|a электроны
|
| 610 |
1 |
|
|a электронная эмиссия
|
| 610 |
1 |
|
|a электронные лампы
|
| 610 |
1 |
|
|a конструкции
|
| 610 |
1 |
|
|a диоды
|
| 610 |
1 |
|
|a триоды
|
| 610 |
1 |
|
|a тетроды
|
| 610 |
1 |
|
|a пентоды
|
| 610 |
1 |
|
|a сверхвысокие частоты
|
| 610 |
1 |
|
|a СВЧ
|
| 610 |
1 |
|
|a усиление
|
| 610 |
1 |
|
|a генерирование
|
| 610 |
1 |
|
|a электронно-лучевые трубки
|
| 610 |
1 |
|
|a ионные приборы
|
| 610 |
1 |
|
|a стабилизаторы
|
| 610 |
1 |
|
|a транзисторы
|
| 610 |
1 |
|
|a фотоэлементы
|
| 610 |
1 |
|
|a термосопротивления
|
| 675 |
|
|
|a 621.38(075.3)
|v 3
|
| 675 |
|
|
|a 621.382(075.3)
|v 3
|
| 700 |
|
1 |
|a Захаревич
|b Г. П.
|g Георгий Петрович
|
| 701 |
|
1 |
|a Горная
|b А. Ф.
|g Анна Феоктистовна
|
| 701 |
|
1 |
|a Хиленко
|b В. И.
|g Василий Иосифович
|
| 801 |
|
1 |
|a RU
|b 63413507
|c 20151005
|
| 801 |
|
2 |
|a RU
|b 63413507
|c 20160129
|g RCR
|
| 942 |
|
|
|c BK
|